Score 0/21 Timer 12:00
1 Play Today
% Correct
Scream!
88.7%
Green Lantern
82.5%
Flashback
81.4%
Wild Eagle
73.2%
Scorpion
68%
Taxi Jam
67%
X-Flight
66%
Corkscrew
66%
Batman the Ride
64.9%
Mad Mouse
62.9%
Apple Zapple
61.9%
% Correct
Mr. Freeze Reverse Blast
60.8%
Great Pumpkin Coaster
60.8%
Comet
40.2%
Hurler
36.1%
Gold Striker
34%
Cannibal
32%
Maverick
28.9%
Roller Coaster Crafter
22.7%
Twisted Cyclone
21.6%
Yukon Striker
17.5%

You're not logged in!

Compare scores with friends on all Sporcle quizzes.
OR
Log In

Sporcle TV

Today on Sporcle TV


Watch our educational content, quiz creation guides, and fun videos on Sporcle TV.

Show Comments

Extras

Created Jun 28, 2019ReportNominate
Tags:Coaster, emoji, Roller, Rollercoaster

Top Quizzes Today


Score Distribution

Paid Content

Your Account Isn't Verified!

In order to create a playlist on Sporcle, you need to verify the email address you used during registration. Go to your Sporcle Settings to finish the process.

Report this User

Report this user for behavior that violates our Community Guidelines.

Details: